| 000 | 00526nam a22001697a 4500 | ||
|---|---|---|---|
| 999 |
_c163306 _d163306 |
||
| 005 | 20190408170602.0 | ||
| 010 | _aA-943789 | ||
| 020 |
_a8176480487 _c100.00 |
||
| 035 | _aA-943789 | ||
| 037 | _bAPH Publishing Corporation | ||
| 082 | _a658.409 | ||
| 100 | _aBisnauth, Ricki | ||
| 245 |
_aHow to excel in management: _bthe A-Z of management people successfully / _cRicky Bisnauth |
||
| 260 |
_aNew Delhi _bAPH Publishing Corporation _c1999 |
||
| 300 |
_a48p. _c24cm(hbk) |
||
| 942 |
_2ddc _cEN _h658.409 _mBIS |
||